000 00637nam a2200193 i 4500
001 86392
003 ES-MaACL
005 20230906175434.0
007 t|
008 041210s1969 sp ||||1| spa d
100 1 _aKampmann, Theoderich.
_967481
245 1 0 _aLuz en la noche
_b: el mensaje de Adviento y Navidad /
_cTheoderich Kampmann ; traducción por Rafael Belasco Beteta.
260 _aMadrid :
_bStudium,
_c[1969]
300 _a135 p. ;
_c18 cm.
650 4 _aAdviento-
_vMeditaciones.
_9166600
650 4 _aNavidad-
_vMeditaciones.
_9166601
700 1 _aBelasco Beteta, Rafael.
_927121
852 _aES-MaACL
_jC-50839
_bR.71806
999 _c86392
_d86392